Statistics for U.S. Cities With A Rail Transit System

Click here to take the quiz!

General Stats

  • This quiz has been taken 85 times
  • The average score is 38 of 46

Answer Stats

Name(s) of Transit SystemAnswer% Correct
MBTA SubwayBoston
99%
Metra/South Shore Line/The LChicago
99%
Subway/Metro-North Railroad/AirTrain JFKNew York City
97%
--- ----- Trolley/CoasterSan Diego
97%
New Mexico Rail Runner ExpressAlbuquerque
96%
Caltrain/Muni Metro/Cable Car SystemSan Francisco
96%
-- Streetcar/MARC/MetrorailWashington D.C.
96%
Tri-Rail/Metrorail/MetromoverMiami
95%
METROMinneapolis/Saint Paul
95%
-------- Streetcar/MAX/WESPortland
95%
------- Streetcar Network/Link Light RailSeattle
95%
SounderSeattle/Tacoma
95%
MARTA Rail SystemAtlanta
93%
RTA Rapid TransitCleveland
93%
DART/SkylinkDallas/Fort Worth
93%
------- People MoverDetroit
93%
Music City StarNashville
92%
Valley Metro RailPhoenix
92%
Metro Subway/Light RailBaltimore
91%
RTD RailDenver
91%
Indiana University Health People MoverIndianapolis
91%
METRORailHouston
89%
Metro RailLos Angeles
89%
Northstar LineMinneapolis
88%
--- ------- StreetcarsNew Orleans
88%
SEPTA/Norristown High Speed Line/SEPTA TrolleyPhiladelphia
88%
Capital MetroRailAustin
87%
---------- Bell ConnectorCincinnati
87%
MATA TrolleyMemphis
85%
SunRailOrlando
85%
TECO Line Streetcar SystemTampa
85%
The TPittsburgh
83%
SkywayJacksonville
81%
-- StreetcardKansas City
81%
LYNX Rapid Transit ServicesCharlotte
80%
--- ----- MonorailLas Vegas
80%
Altamont Corridor Express/Light RailSan Jose
77%
MetroLinkSt. Louis
77%
The FrontRunner Train/Streetcar/TRAXSalt Lake City
76%
Metro RailBuffalo
72%
Light RailSacramento
72%
Sun LinkTucson
67%
Metro StreetcarLittle Rock
37%
Tide Light RailNorfolk
36%
Shore Line EastNew Haven
27%
River LineCamden/Trenton
23%

Score Distribution

Percentile by Number Answered

Percent of People with Each Score

Your Score History

You have not taken this quiz